| 000 | 00000nam##2200000za#4500 |
| 001 | 9.530472 |
| 003 | CaOODSP |
| 005 | 20200327083024 |
| 007 | ta |
| 008 | 150406|1998||||xxc||||| f|0| 0 eng|d |
| 020 | |a0-662-63436-5 |
| 040 | |aCaOODSP|beng |
| 041 | |aeng |
| 041 | |afre |
| 043 | |an-cn--- |
| 086 | 1 |aC21-24/20-1998 |
| 110 | 1 |aCanada.|bIndustry Canada. |bMicro-Economic Analysis Directorate. |
| 245 | 10|aInformation technology and labour productivity growth : |ban empirical analysis for Canada and the United States / |cby Surendra Gera, Wulong Gu and Frank C. Lee. |
| 260 | |aOttawa - Ontario : |bIndustry Canada. |c1998. |
| 300 | |aEnglish text, 47p. : |btables ; |c28 cm. |
| 490 | 1 |aWorking paper|v20 |
| 500 | |a"The aim of this paper is twofold: to examine the relationship between IT investment and labour productivity growth; and to examine the importance for labour productivity growth of domestic and international R&D spillovers embodied in IT goods."--Page 2. |
| 504 | |aBibliography. |
| 520 | 3 |aThe aim of this paper is twofold: to examine the relationship between IT investment and labour productivity growth; and to examine the importance for labour productivity growth of domestic and international R&D spillovers embodied in IT goods.--Page 2 |
| 546 | |aBilingual |
| 563 | |aSoftcover |
| 590 | |a98-17|b1998-04-24 |
| 690 | 07|aInformation technology|2gcpds |
| 720 | 1 |aGera, Surendra |
| 720 | 1 |aGu, Wulong |
| 720 | 1 |aLee, Frank C. |
| 776 | 0#|tInformation technology and labour productivity growth : |w(CaOODSP)9.570587 |
| 776 | 0#|tTechnologie de l'information et croissance de la productivité du travail : |w(CaOODSP)9.601236 |
| 792 | |tTechnologie de l'information et croissance de la productivité du travail : |efre|w(CaOODSP)9.530473 |
| 830 | #0|aWorking paper ;|v20|w(CaOODSP)9.509052 |